Statistics for College Football Rivalries Quiz

Click here to take the quiz!

General Stats

  • This quiz has been taken 36,380 times
    (22,594 since last reset)
  • The average score is 11 of 17

Answer Stats

Game Trophy Rivalry % Correct
The Game-Michigan vs. {Ohio} {State}
91%
Iron Bowl-Auburn vs. {Alabama}
91%
The Game-Harvard vs. {Yale}
86%
Civil WarPlatypus TrophyOregon vs. {Oregon} {State}
80%
Red River RivalryGolden HatOklahoma vs. {Texas}
80%
-Apple CupWashington vs. {Washington} {State}
78%
-Victory BellUCLA vs. {USC}
77%
Clean, Old-Fashioned Hate-Georgia vs. {Georgia} {Tech}
71%
-Paul Bunyan's AxeWisconsin vs. {Minnesota}
69%
-Jeweled ShillelaghUSC vs. {Notre} {Dame}
61%
The Border WarIndian War DrumKansas vs. {Missouri}
56%
The Big GameStanford AxeStanford vs. {Cal}
56%
Holy War-BYU vs. {Utah}
53%
-Golden BootLSU vs. {Arkansas}
37%
Backyard Brawl-Pittsburgh vs. {West} {Virginia}
34%
Bayou Classic-Grambling State vs. {Southern}
20%
The Rivalry-Lafayette vs. {Lehigh}
15%

Score Distribution

Percentile by Number Answered

Percent of People with Each Score

Your Score History

You have not taken this quiz since the last reset